| 000 | 004180000a22001810004500 | ||
|---|---|---|---|
| 003 | MACL | ||
| 005 | 20210918172027.0 | ||
| 008 | 150814b xxu||||| |||| 00| 0 eng d | ||
| 040 |
_aMACL _cMACL |
||
| 041 | _aEnglish | ||
| 082 | _a500/RAJ | ||
| 100 |
_aRajKumar, Dr, J S _95716 |
||
| 245 | _aThe Digestive System | ||
| 260 |
_bOxygen Books _c2006 |
||
| 350 | _a100 | ||
| 650 |
_aScience _95717 |
||
| 942 |
_cBK _k500 _2ddc |
||
| 999 |
_c8902 _d8902 |
||